Statistiche per Capitali del mondo più vicine ad Algeri

Clicka qui per fare il quiz!

Statistiche generali

  • Questo quiz è stato fatto 37 volte
  • Il punteggio medio è 12 su 20

Statistiche sulle risposte

kmcapitale% Corretto
631Tunisi
97%
953Rabat
94%
993Roma
89%
720Madrid
86%
1100Lisbona
83%
1026La Valletta
80%
1017Tripoli
77%
1125San Marino
71%
990Città del
Vaticano
69%
1352Parigi
63%
1195Berna
60%
863Monaco
57%
658Andorra
la Vella
43%
1275Vaduz
43%
1476Zagabria
37%
1520Sarajevo
34%
1407Lubiana
31%
1457Lussemburgo
31%
1531Londra
20%
1522Podgorica
17%

Distribuzione punteggi

Percentile per numero di risposta

Percentuale di utenti per punteggio

I tuoi punteggi nel tempo

Non hai fatto questo quiz